लोड हो रहा है...

Health status of Kerala : the paradox of economic backwardness and health development /

ग्रंथसूची विवरण
मुख्य लेखक: Panikar, P. G. K.
स्वरूप: Printed Book
भाषा:English
प्रकाशित: Trivandrum : Centre for Development Studies,Trivandrum, c1984.
विषय:
LEADER 00736 a2200157 4500
008 100208b ||||| |||| 00| 0 eng d
020 |c Rs100.00 
082 0 0 |a 362.1095483 
100 1 |a Panikar, P. G. K. 
245 1 0 |a Health status of Kerala :  |b the paradox of economic backwardness and health development /  |c P G K Panikar, C R Soman 
260 |a Trivandrum :  |b Centre for Development Studies,Trivandrum,  |c c1984. 
650 0 |a public health 
650 0 |a health planning 
942 |c BK 
999 |c 318693  |d 318693 
952 |0 0  |1 0  |2 ddc  |4 0  |6 362_109548300000000_PAN_H  |7 0  |9 364910  |a ECN  |b ECN  |c ST1  |d 2017-10-13  |e The Book shop, Publication Division, University of Calicut  |i G498  |l 4  |m 4  |o 362.1095483 PAN/H  |p ECNG498  |q 2021-05-09  |r 2021-01-07  |s 2021-01-07  |w 2017-10-13  |y BK